| 000 | 00662nam a22001937a 4500 | ||
|---|---|---|---|
| 003 | NUST-PNEC | ||
| 005 | 20170116180718.0 | ||
| 008 | 141001b xxu||||| |||| 00| 0 eng d | ||
| 020 | _a8126126183 | ||
| 040 | _cPNEC | ||
| 082 | _a539.703 AHM | ||
| 100 |
_9464 _aAhmad, Shahzad |
||
| 245 |
_aEncyclopaedia of nuclear physics Vol.2 (Atomic physics) _cShahzad Ahmad |
||
| 260 |
_aNew Delhi _b Anmol Publications, _c 2006 |
||
| 300 |
_a308 p. : _bill. ; _c22 cm. |
||
| 500 | _ahttp://www.amazon.com/Encyclopaedia-Nuclear-Physics-Shahzad-Ahmad/dp/8126126183/ref=sr_1_1?s=books&ie=UTF8&qid=1412151769&sr=1-1&keywords=8126126183 | ||
| 650 | _xME | ||
| 942 |
_2ddc _cBK |
||
| 999 |
_c61262 _d61262 |
||